| 000 | 00747nam a2200241 i 4500 | ||
|---|---|---|---|
| 001 | 102625 | ||
| 003 | ES-MaACL | ||
| 005 | 20230906183139.0 | ||
| 007 | t| | ||
| 008 | 051123s1983 pr ||||1| spa d | ||
| 020 | _a84-499-6094-0 | ||
| 080 | _a308(729.5)"19" | ||
| 080 | _a008(729.5)"19" | ||
| 080 | _a821.134.2(729.5)-4"19" | ||
| 100 | 1 |
_aCartagena, Rafael. _935868 |
|
| 245 | 1 | 0 |
_aPuerto Rico enfermo / _cRafael Cartagena ; prólogo por Jaime Benítez. |
| 260 |
_aRio Piedras : _bEditorial Cultural, _c1983. |
||
| 300 |
_a191 p. ; _c21 cm. |
||
| 651 | 4 |
_aPuerto Rico- _xSituación social. _99292 |
|
| 651 | 4 |
_aPuerto Rico- _xCivilización- _yS.XX. _99277 |
|
| 700 | 1 |
_aBenítez, Jaime. _927607 |
|
| 852 |
_aES-MaACL _jE-11137 _bR.136825 |
||
| 999 |
_c102625 _d102625 |
||